School mathematics for East Africa, book 3 (Record no. 80343)

MARC details
000 -LEADER
fixed length control field 00770nam a2200145 a 4500
008 - FIXED-LENGTH DATA ELEMENTS--GENERAL INFORMATION
fixed length control field 080109s1970 ||||||||||||||||| || u
050 ## - LIBRARY OF CONGRESS CALL NUMBER
Classification number QA 36.5 Sch
245 00 - TITLE STATEMENT
Title School mathematics for East Africa, book 3
260 ## - PUBLICATION, DISTRIBUTION, ETC.
Place of publication, distribution, etc. London
Name of publisher, distributor, etc. Cambridge Univ. P
Date of publication, distribution, etc. 1970
300 ## - PHYSICAL DESCRIPTION
Extent [6], 257p.
350 ## -
-- 0.00
995 ## -
-- ANNEX COLLECTION (Main Library)
-- 0.00
-- 715186
-- CBU-MAIN LIBRARY (Kitwe)
-- 1
-- 2.35
-- QA 36.5 Sch
-- 3
-- AVAILABLE
-- 011090
-- Annex Low-Usage Collection
995 ## -
-- ANNEX COLLECTION (Main Library)
-- 0.00
-- 716554
-- CBU-MAIN LIBRARY (Kitwe)
-- 3
-- 2.35
-- QA 36.5 Sch
-- 1
-- AVAILABLE
-- 011088
-- Annex Low-Usage Collection
995 ## -
-- MAIN LIBRARY OPEN ACCESS
-- 0.00
-- 715185
-- CBU-MAIN LIBRARY (Kitwe)
-- 2
-- 2.35
-- QA 36.5 Sch
-- 2
-- LOST
-- 011089
-- Main Library Open Access Collection
999 ## -
-- 80343
-- 80343
Holdings
Withdrawn status Lost status Source of classification or shelving scheme Damaged status Not for loan Permanent Location Current Location Shelving location Date acquired Total Checkouts Full call number Barcode Date last seen Copy number Price effective from Koha item type
          CBU-MAIN LIBRARY, KITWE. CBU-MAIN LIBRARY, KITWE.   06/29/2023   QA 36.5 Sch 011090 06/29/2023 1 06/29/2023 MONOGRAPH
          CBU-MAIN LIBRARY, KITWE. CBU-MAIN LIBRARY, KITWE.   06/29/2023   QA 36.5 Sch 011088 06/29/2023 2 06/29/2023 MONOGRAPH
          CBU-MAIN LIBRARY, KITWE. CBU-MAIN LIBRARY, KITWE.   06/29/2023   QA 36.5 Sch 011089 06/29/2023 3 06/29/2023 MONOGRAPH